|
|
|
|
| LEADER |
00000nab a2200000 a 4500 |
| 001 |
vtls000881022 |
| 003 |
SK-MaSNL |
| 005 |
20260304130719.0 |
| 008 |
250429c2004 xo 0 slo |
| 015 |
|
|
|a SNBRB2004/08-24923
|
| 035 |
|
|
|a CLN000232544
|
| 035 |
|
|
|a urn:nbn:sk:snk-absyl
|
| 035 |
|
|
|a (urnnbn)urn:nbn:sk:snk:ar-a03ie2
|
| 035 |
|
|
|a (uuid)597c7ef4-286f-4ff2-b0ca-27b97028e0f5
|
| 040 |
|
|
|a SNKBUCL
|b slo
|c SNKBUCL
|e AACR2
|
| 041 |
0 |
|
|a eng
|
| 044 |
|
|
|a xo
|c SK
|
| 080 |
|
|
|a 616.12/.13:616.155.294:061.3
|2 1997
|
| 100 |
1 |
|
|a Skoric, B.
|4 aut
|9 784870
|
| 245 |
1 |
0 |
|a Acute severe thrombocytopenia after use of eptifibatide for percutaneous coronary intervention - case report
|c B. Skoric, M. Strozzi, E. Margetic
|
| 650 |
0 |
7 |
|a choroba koronárna
|x etiológia
|x komplikácie
|x terapia
|2 MESH
|9 1442384
|
| 650 |
0 |
7 |
|a angioplastika transluminálna perkutánna koronárna
|x metódy
|2 MESH
|9 852252
|
| 650 |
0 |
7 |
|a trombocytopénia
|2 MESH
|9 14354
|
| 650 |
0 |
7 |
|a komplex trombocytových glykoproteínov gpIIb-IIIa
|x antagonisty a inhibítory
|2 MESH
|9 1442385
|
| 650 |
0 |
7 |
|a kazuistika
|2 MESH
|9 19523
|
| 650 |
0 |
7 |
|a elektrokardiografia
|x metódy
|2 MESH
|9 1282039
|
| 650 |
0 |
7 |
|a katetrizácia
|x metódy
|2 MESH
|9 856655
|
| 650 |
0 |
7 |
|a abstrakty z kongresu
|2 MESH
|9 168204
|
| 650 |
0 |
7 |
|a diagnostika (medicína)
|2 MESH
|9 28740
|
| 655 |
|
7 |
|a články z novín a časopisov
|2 snkbucl
|9 267496
|
| 700 |
1 |
|
|a Strozzi, M.
|4 aut
|9 1442386
|
| 700 |
1 |
|
|a Margetic, E.
|4 aut
|9 1442387
|
| 773 |
0 |
|
|t Bratislavské lekárske listy
|g Vol. 105, no. 4 (2004), p. 185
|x 0006-9248
|
| 850 |
|
|
|a Slovenská národná knižnica
|
| 852 |
|
|
|a Slovenská národná knižnica
|
| 958 |
|
|
|a article27
|
| 958 |
|
|
|a MI
|
| 958 |
|
|
|a OND
|
| 958 |
|
|
|a EUIPO
|
| 992 |
|
|
|a RBX
|
| 999 |
|
|
|c 2895667
|d 2897597
|